000 00433nam a22001817a 4500
003 MPLRDC
005 20220104113854.0
008 210129b ||||| |||| 00| 0 eng d
082 _a848.2 YGZ-11
100 _a余光中著
245 _a天狼星
_c
250 _a六版
260 _a
_b洪范书店有限公司
_c1983
300 _b
490 _a洪范文学丛书;1
650 _a现代别集
942 _cBK
_o848.2 YGZ-11
999 _c3021
_d3011